000 00930nam a2200217 i 4500
001 154519
003 ES-MaACL
005 20230906205749.0
008 981202s1860 sp |||| | spa d
040 _aCAT
_bspa
_cCAT
_dCCPB
080 _a840-3"18"
100 0 _aGonzalès, Emmanuel.
_958267
245 1 4 _aLos Almadreñeros de la Selva Negra /
_cnovela escrita en francés por Emmanuel Gonzalez ; y traducida expresamente para la Biblioteca de La Correspondencia de España.
260 _aMadrid :
_b[s.n.],
_c1860 (
_fImpr. de la Correspondencia de España)
300 _a318 p. ;
_c17 cm.
490 1 _aBiblioteca de La Correspondencia de España
830 0 _aBiblioteca de La Correspondencia de España
_9182488
852 _aES-MaACL
_jT-455-F-1
_z- Enc. hol., falto de la cub. original
_z- Enc. en un vol. facticio
_x- Registro original: Hilarión de Zuloaga, editor
999 _c154519
_d154519